Money, distribution and economic policy (Record no. 499288)

MARC details
000 -LEADER
fixed length control field 00956nam a2200277Ia 4500
003 - CONTROL NUMBER IDENTIFIER
control field OSt
005 - DATE AND TIME OF LATEST TRANSACTION
control field 20220925181434.0
008 - FIXED-LENGTH DATA ELEMENTS--GENERAL INFORMATION
fixed length control field 220923b |||||||| |||| 00| 0 eng d
020 ## - INTERNATIONAL STANDARD BOOK NUMBER
International Standard Book Number 9781847200631
037 ## - SOURCE OF ACQUISITION
Terms of availability General Book
040 ## - CATALOGING SOURCE
Original cataloging agency RTL
Transcribing agency RTL
Language of cataloging eng
041 ## - LANGUAGE CODE
Source of code eng
Language code of text/sound track or separate title eng
100 ## - MAIN ENTRY--PERSONAL NAME
Personal name Hein Eckhard
9 (RLIN) 253799
245 #0 - TITLE STATEMENT
Title Money, distribution and economic policy
Remainder of title Alternative to orthodox macroeconomics
260 ## - PUBLICATION, DISTRIBUTION, ETC.
Place of publication, distribution, etc. Cheltenham
Name of publisher, distributor, etc. Edward Elgar
Date of publication, distribution, etc. 2007
300 ## - PHYSICAL DESCRIPTION
Extent viii, 258p
Dimensions cm.
490 ## - SERIES STATEMENT
Series statement New Direction In Modern Economics
500 ## - GENERAL NOTE
General note Bibliography Chapterwise
650 ## - SUBJECT ADDED ENTRY--TOPICAL TERM
Topical term or geographic name entry element Commerce
700 ## - ADDED ENTRY--PERSONAL NAME
Personal name Truger Achim
9 (RLIN) 253800
942 ## - ADDED ENTRY ELEMENTS (KOHA)
Classification part X:72, P7
Koha item type General Books
Source of classification or shelving scheme Colon Classification (CC)
Holdings
Withdrawn status Lost status Damaged status Not for loan Home library Current library Date acquired Source of acquisition Cost, normal purchase price Total Checkouts Full call number Barcode Date last seen Date last checked out Cost, replacement price Price effective from Koha item type
        Ratan Tata Library Ratan Tata Library 2022-09-25 533/PBD/07-08, 11/01/2008, PIONEER BOOK DISTRIBUTORS 4618.06 1 X:72 P7 RT1326266 2025-06-06 2025-06-02 4618.06 2022-09-25 General Books
Copyright @ Delhi University Library System